00589nam a22002057a 450000500170000001000130001702000100003003500130004003700160005304000120006908200110008110000200009224500970011226000360020927000540024530000200029965000240031965000200034370000200036320170124110107.0 aB-214397 c00.00 aB-214397 bCen Lib/Ret aDPLbEN aNbTAS aTaslima Nasrin  aFrench lover :cby Taslima Nasreen; translated from the bengali by Sreejata Guha ba novel / aNew DelhibPenguin Books c2001 bNew Delhia11, Community centre, Panchsheel marg  a293p.c19cm(Hb) aEnglish literature  aEnglish novels  aGuha, Sreejata